000 00351 a2200169 4500
001 58891
020 _a850809342X
040 _cAnchieta - Pituba
100 _aRigolin, Tércio Barbosa
240 1 0 _aGeografia
_lpor
245 1 0 _aGeografia
300 _a448
362 0 _a2005
440 1 _aÁtica
650 4 _aGeografia e viagens
942 _cBK
999 _c58891
_d58891